| 000 | 01454nam a22001697a 4500 | ||
|---|---|---|---|
| 005 | 20260618093940.0 | ||
| 008 | 260618b |||||||| |||| 00| 0 spa d | ||
| 040 |
_aInstituto Dominicano de Evaluación e Investigación de la Calidad Educativa _cIDEICE |
||
| 245 |
_aPrimer estudio exploratorio de la campaña "Vapear no es un juego" _cIDEICE |
||
| 260 |
_aSanto Domingo, República Dominicana _bIDEICE _c2026 |
||
| 300 | _c24p | ||
| 505 | _aEl presente estudio exploratorio surge en el marco de la campaña "Vapear no es jugar" del Consejo Nacional de Drogas, con el objetivo de comprender de manera preliminar los patrones de uso de los vapeos y los efectos socioculturales negativos asociados en República Dominicana. A partir del análisis de datos procedentes de distintas fuentes, se identificaron diferencias significativas en la frecuencia del vapeo, la presencia de conductas compulsivas y la aparición de consecuencias adversas para la salud (Abouzoor & Al-Hamdan, 2025). Factores como la regulación vigente, el antecedente de uso de tabaco y el género influyen de manera notable en estas variaciones, revelando que los riesgos pueden intensificarse según el entorno y las características personales. | ||
| 650 | _aCiencias de la salud -- Investigaciones. | ||
| 710 | _aIDEICE | ||
| 856 | _uhttps://ideice.gob.do/documentacion/publicaciones-id-228-primer-estudio-exploratorio-de-la-campana-vapear-no-es-un-juego- | ||
| 942 |
_2ddc _cFOL _n0 |
||
| 999 |
_c14664 _d14664 |
||